书目信息 |
| 题名: |
目标:强化德语教程 综合课 第二册
|
|
| 作者: | 肖佩玲 , 殷生根 编 | |
| 分册: | ||
| 出版信息: | 北京 外语教学与研究出版社 1991.09 |
|
| 页数: | 292页 | |
| 开本: | 16开 | |
| 丛书名: | ||
| 单 册: | ||
| 中图分类: | H33 | |
| 科图分类: | ||
| 主题词: | 德语 | |
| 电子资源: | ||
| ISBN: | 7-5600-0642-6 | |
| 000 | 00633nam0 2200205 45 | |
| 001 | 0009121531 | |
| 005 | 20010330100158.8 | |
| 010 | @a7-5600-0642-6@d21.80元 | |
| 100 | @a20000912d1991 km y0chiy0120 ea | |
| 101 | 0 | @achi |
| 105 | @a z 000yy | |
| 200 | 1 | @a目标:强化德语教程 综合课 第二册@AMu Biao:Qiang HuaDe Yu Jiao Cheng Zong He Ke Di Er Ce@f肖佩玲,殷生根编@FXiao Pei Ling,Yin Sheng Gen Bian |
| 210 | @a北京@c外语教学与研究出版社@d1991.09 | |
| 215 | @a292页@d16开 | |
| 606 | 0 | @a德语 |
| 690 | @aH33@v3 | |
| 701 | 0 | @a肖佩玲@4编 |
| 701 | 0 | @a殷生根@4编 |
| 801 | @aCN@bPftUser@c20000912 | |
| 905 | @dH33@eX457:2@b334077-078@f2 | |
| 目标:强化德语教程 综合课 第二册/肖佩玲,殷生根编.-北京:外语教学与研究出版社,1991.09 |
| 292页;16开 |
| ISBN 7-5600-0642-6:21.80元 |
| ● |
| 相关链接 |
|
|
|
正题名:目标:强化德语教程综合课第二册
索取号:H33/X457:2
 
预约/预借
| 序号 | 登录号 | 条形码 | 馆藏地/架位号 | 状态 | 备注 |
| 1 | 334077 | 203340777 | 语言库209/209语言库 118排1列6层/ [索取号:H33/X457:2] | 在馆 | |
| 2 | 334078 | 203340786 | 语言库209/209语言库 118排1列6层/ [索取号:H33/X457:2] | 在馆 |